000 00737nam a2200265Ia 4500
005 20260121170501.0
008 008 260114s9999 xx 000 0 eng d
020 _a9783319790299
037 _aEBOOK
040 _aCRL
040 _beng
040 _cCRL
041 _2eng
041 _aeng
084 _qCRL
100 _aYifan Zeng
_91064445
245 0 _aResearch on Risk Evaluation Methods of Groundwater Bursting from Aquifers Underlying Coal Seams and Applications to Coalfields of North China
260 _bSpringer
260 _bSpringer
260 _c2018
856 _uhttps://link.springer.com/openurl?genre=book&isbn=978-3-319-79029-9
942 _cEBOOK
999 _c1630174
_d1630174